| 000 | 00484cam a2200193 4500 | ||
|---|---|---|---|
| 001 | 4529022 | ||
| 005 | 20180115072003.0 | ||
| 008 | 701217s1955 nyu 001 0 eng | ||
| 010 | _a 54007802 | ||
| 040 |
_aDLC _cDLC _dDLC _e189.09 |
||
| 041 | _aeng | ||
| 080 | _a189.09 | ||
| 082 | 0 | 0 | _a189.09 GIL |
| 100 | 1 | _a24 | |
| 101 | _aFIL | ||
| 245 | 1 | 0 | _aHistory of Christian philosophy in the Middle Ages. |
| 906 |
_a7 _bcbc _corignew _du _encip _f19 _gy-gencatlg |
||
| 942 |
_2ddc _cBK |
||
| 999 |
_c40275 _d40275 |
||